00357nam a2200109 i 4500001000300000245006800003260002100071040000800092041000800100008004100108856009800149bg 0aWytwarzanie i badanie niejednorodności w półprzewodnikach. aWarszawa,c1966. cBPK apol s pl f |000 0 pol  uhttp://koha.tu.koszalin.pl/cgi-bin/koha/opac-detail.pl?biblionumber=17789yKatalog online BPK